[Event "Rated Blitz game"]
[Site "?"]
[Date "2021.02.02"]
[Round "?"]
[White "Rama75"]
[Black "KamranShirazi"]
[Result "1-0"]
[WhiteElo "2443"]
[BlackElo "2435"]
[PlyCount "77"]
[EventDate "2021.??.??"]
[EventType "blitz"]

1. e4 e5 2. Nf3 d5 3. exd5 e4 4. Qe2 f5 5. d3 Nf6 6. Nc3 Bb4 7. Bd2 O-O 8. dxe4
Bxc3 9. Bxc3 Nxe4 10. Qc4 b5 11. Qd4 Nxc3 12. bxc3 Re8+ 13. Be2 Re4 14. Qd2 Qe7
15. Nd4 a6 16. O-O Qf6 17. Bf3 Re5 18. d6 Ra7 19. Rfe1 cxd6 20. a4 Rae7 21.
axb5 axb5 22. h3 Bd7 23. Rxe5 dxe5 24. Ra8 Re8 25. Bd5+ Kh8 26. Nf3 h6 27. Bb3
Bc6 28. Ra7 Bxf3 29. gxf3 Nc6 30. Rc7 Rd8 31. Qe3 Qg6+ 32. Kf1 Rd1+ 33. Ke2 Qg1
34. Rc8+ Kh7 35. Bg8+ Kg6 36. Rxc6+ Kh5 37. Bf7+ Kh4 38. Rxh6+ gxh6 39. Qxh6# {
Normal} 1-0

[Event "Rated Blitz game"]
[Site "?"]
[Date "2021.02.02"]
[Round "?"]
[White "Jethro_Dino_Aquino"]
[Black "Kovalchuk94"]
[Result "0-1"]
[WhiteElo "2497"]
[BlackElo "2608"]
[PlyCount "88"]
[EventDate "2021.??.??"]
[EventType "blitz"]

1. e4 e5 2. Nf3 d5 3. exd5 Bd6 4. d4 e4 5. Ne5 Nf6 6. Nc3 h6 7. Be2 c5 8. Be3
Qe7 9. Nc4 cxd4 10. Qxd4 O-O 11. O-O Re8 12. Rad1 a6 13. Nb6 Nbd7 14. Nxa8 b5
15. Qd2 Qe5 16. g3 Qf5 17. Nb6 Nxb6 18. Bxb6 Qh3 19. f4 e3 20. Bxe3 b4 21. Na4
Ne4 22. Qe1 Bd7 23. Nb6 Bb5 24. Bxb5 axb5 25. Qe2 Nxg3 26. Qf3 Ne2+ 27. Qxe2
Rxe3 28. Qg2 Qf5 29. Rde1 Bc5 30. Rxe3 Bxe3+ 31. Kh1 Bxb6 32. c3 bxc3 33. bxc3
Bc5 34. Qf3 g6 35. Re1 Bd6 36. Re4 g5 37. Re8+ Kg7 38. Qe4 Qh3 39. Qd4+ f6 40.
Qa7+ Kg6 41. Rg8+ Kh5 42. Qf7+ Kh4 43. Kg1 Bc5+ 44. Kh1 Qf1# {Normal} 0-1

[Event "Rated Blitz game"]
[Site "?"]
[Date "2021.02.02"]
[Round "?"]
[White "quicksilver2"]
[Black "is_er_nog_hoop"]
[Result "0-1"]
[WhiteElo "2435"]
[BlackElo "2498"]
[PlyCount "66"]
[EventDate "2021.??.??"]
[EventType "blitz"]

1. e4 e5 2. Nf3 d5 3. Nxe5 Bd6 4. d4 dxe4 5. Nc4 f5 6. Nxd6+ Qxd6 7. g3 Nf6 8.
c3 Nc6 9. Bf4 Qd8 10. Bc4 Nd5 11. Be3 Be6 12. Qb3 Na5 13. Qa4+ c6 14. Bxd5 Bxd5
15. b3 b5 16. Qa3 g5 17. h4 f4 18. gxf4 gxh4 19. Nd2 Rg8 20. Rc1 Nb7 21. c4
bxc4 22. bxc4 Be6 23. Nxe4 Bf5 24. Nc5 Nd6 25. Rxh4 Qxh4 26. Kd2 Rg2 27. Na6
Rxf2+ 28. Bxf2 Qxf2+ 29. Kc3 Qe3+ 30. Kb2 Qd2+ 31. Ka1 Qxd4+ 32. Rc3 Nxc4 33.
Qc1 Kf7 {Normal} 0-1

[Event "Rated Blitz game"]
[Site "?"]
[Date "2021.02.02"]
[Round "?"]
[White "Grifo2003"]
[Black "KamranShirazi"]
[Result "1-0"]
[WhiteElo "2428"]
[BlackElo "2436"]
[PlyCount "83"]
[EventDate "2021.??.??"]
[EventType "blitz"]

1. e4 e5 2. Nf3 d5 3. Nxe5 Bd6 4. d4 dxe4 5. Bc4 Bxe5 6. dxe5 Qxd1+ 7. Kxd1
Bg4+ 8. Be2 Bxe2+ 9. Kxe2 Nc6 10. Rd1 Nge7 11. Nc3 Nxe5 12. Bf4 N7g6 13. Bxe5
Nxe5 14. Nxe4 Rd8 15. b3 b6 16. f4 Nc6 17. c3 Ke7 18. Kf2 h6 19. Ng3 g6 20. b4
f5 21. Ne2 a6 22. a4 Kf6 23. b5 Ne7 24. bxa6 Nd5 25. a7 Ne7 26. a5 Rxd1 27.
Rxd1 bxa5 28. Ra1 Nc6 29. Nd4 Nxa7 30. Rxa5 Nc8 31. Ra6+ Nd6 32. Rc6 Rc8 33.
Nb5 Rd8 34. Nxc7 Ke7 35. Nd5+ Kd7 36. Rc7+ Ke6 37. Nb4 Ne4+ 38. Ke3 Re8 39.
Rc6+ Kf7 40. Kf3 Nd2+ 41. Kf2 Re4 42. Nd3 {Time forfeit} 1-0

[Event "Rated Blitz game"]
[Site "?"]
[Date "2021.02.02"]
[Round "?"]
[White "GMJOEY93"]
[Black "khrapov111"]
[Result "1-0"]
[WhiteElo "2660"]
[BlackElo "2473"]
[PlyCount "125"]
[EventDate "2021.??.??"]
[EventType "blitz"]

1. e4 e5 2. Nf3 d5 3. d4 dxe4 4. Nxe5 Nd7 5. Nc4 Nb6 6. Nc3 Nf6 7. Bg5 Bb4 8.
Be2 Bxc3+ 9. bxc3 Qd5 10. Nxb6 axb6 11. Bxf6 gxf6 12. O-O Rg8 13. Re1 Bh3 14.
Bf1 O-O-O 15. g3 Bxf1 16. Rxf1 Rg6 17. Qe2 Rdg8 18. Rab1 Qc6 19. c4 f5 20. c5
bxc5 21. dxc5 Qxc5 22. Rb5 Qc6 23. Rxf5 Re6 24. Rxf7 Rge8 25. Qe3 Kb8 26. a4
Rf6 27. Rxf6 Qxf6 28. a5 Qa6 29. Qc5 Qe6 30. Rd1 e3 31. fxe3 Qxe3+ 32. Qxe3
Rxe3 33. Rd8+ Ka7 34. Rd7 c5 35. Rxh7 Rc3 36. Rf7 Rxc2 37. h4 c4 38. h5 Rd2 39.
Rc7 Rd5 40. Rxc4 Rxh5 41. Ra4 Ka6 42. Kg2 Rd5 43. g4 Rd2+ 44. Kg3 Rd1 45. g5
Kb5 46. Ra2 Rg1+ 47. Kh4 Kc5 48. Kh5 Kd6 49. g6 Rh1+ 50. Kg5 Ke5 51. Re2+ Kd6
52. g7 Rg1+ 53. Kf6 Rf1+ 54. Kg6 Rg1+ 55. Kh7 Rh1+ 56. Kg8 Rg1 57. Rh2 Ke7 58.
Kh8 Kf7 59. Rf2+ Ke7 60. g8=Q Rh1+ 61. Qh7+ Rxh7+ 62. Kxh7 Kd6 63. Rb2 {
Time forfeit} 1-0

[Event "Rated Blitz game"]
[Site "?"]
[Date "2021.02.02"]
[Round "?"]
[White "al41ex"]
[Black "BigTy"]
[Result "1-0"]
[WhiteElo "2487"]
[BlackElo "2317"]
[PlyCount "67"]
[EventDate "2021.??.??"]
[EventType "blitz"]

1. e4 e5 2. Nf3 d5 3. d4 dxe4 4. Nxe5 Bd6 5. Bb5+ c6 6. Bc4 Bxe5 7. dxe5 Qxd1+
8. Kxd1 Bg4+ 9. Be2 Bf5 10. g4 Bg6 11. Nc3 Nd7 12. Bf4 O-O-O 13. Ke1 Ne7 14.
Rd1 Nc5 15. Rd6 Ne6 16. Bg3 Rxd6 17. exd6 Nd5 18. Nxd5 cxd5 19. f4 exf3 20.
Bxf3 Re8 21. Kf2 Be4 22. Rd1 Kd7 23. Bxe4 dxe4 24. Ke3 Ng5 25. Rd5 f6 26. Rc5
Rc8 27. Rxc8 Kxc8 28. h4 Nf7 29. Kxe4 Kd7 30. Kd5 Nd8 31. c4 b6 32. b4 Nc6 33.
a3 a6 34. h5 {Time forfeit} 1-0

[Event "Rated Blitz game"]
[Site "?"]
[Date "2021.02.02"]
[Round "?"]
[White "jpboyeras"]
[Black "TajiriWWE"]
[Result "1-0"]
[WhiteElo "2428"]
[BlackElo "2442"]
[PlyCount "133"]
[EventDate "2021.??.??"]
[EventType "blitz"]

1. e4 e5 2. Nf3 d5 3. exd5 e4 4. Qe2 Nf6 5. d3 Qxd5 6. Nbd2 Nc6 7. dxe4 Qh5 8.
Qb5 Bc5 9. e5 Nd7 10. Ne4 a6 11. Qc4 Ncxe5 12. Nxe5 Qxe5 13. Be2 b5 14. Qd3 Bb6
15. O-O Bb7 16. Bf3 O-O 17. Nf6+ Nxf6 18. Bxb7 Rad8 19. Qg3 Qxg3 20. hxg3 a5
21. a4 b4 22. Bg5 Ng4 23. Bxd8 Rxd8 24. Bf3 Nxf2 25. Rxf2 Rd2 26. Raf1 Rxc2 27.
b3 f5 28. Bd5+ Kf8 29. Bc4 Ke7 30. g4 fxg4 31. g3 h5 32. Kg2 Bxf2 33. Rxf2
Rxf2+ 34. Kxf2 Kd6 35. Ke3 Ke5 36. Bf7 c5 37. Bxh5 Kf5 38. Bf7 Ke5 39. Bc4 g6
40. Bd3 g5 41. Bc4 Kf5 42. Bg8 Kf6 43. Bh7 Ke5 44. Bd3 Kd5 45. Be2 Ke5 46. Bxg4
c4 47. bxc4 b3 48. Bd1 b2 49. Bc2 g4 50. Kd3 Kd6 51. Kc3 b1=Q 52. Bxb1 Kc5 53.
Bf5 Kd6 54. Bxg4 Kc5 55. Bd1 Kd6 56. Kd4 Kc6 57. c5 Kd7 58. Bf3 Kc7 59. Bd5 Kd7
60. g4 Kc7 61. Kc4 Kd7 62. Kb5 Ke7 63. Kxa5 Kf6 64. Kb5 Kg5 65. Kb6 Kxg4 66. a5
Kg3 67. a6 {Normal} 1-0

[Event "Rated Blitz tournament twJV5xki"]
[Site "?"]
[Date "2021.02.02"]
[Round "?"]
[White "Damianlamy"]
[Black "Artem_0degov"]
[Result "0-1"]
[WhiteElo "2209"]
[BlackElo "2583"]
[PlyCount "48"]
[EventDate "2021.??.??"]
[EventType "blitz"]

1. e4 e5 2. Nf3 d5 3. exd5 e4 4. Qe2 Nf6 5. d3 Bb4+ 6. c3 O-O 7. dxe4 Bd6 8. e5
Re8 9. Be3 Bxe5 10. Nxe5 Rxe5 11. c4 Bg4 12. Qd3 c6 13. Nc3 cxd5 14. cxd5 Na6
15. h3 Bf5 16. Qd4 Re8 17. O-O-O Rc8 18. Bxa6 bxa6 19. Rhe1 Ne4 20. g4 Nxc3 21.
bxc3 Bg6 22. Kb2 Qa5 23. Rc1 Re4 24. Qxa7 Ra4 {Normal} 0-1

[Event "Rated Blitz game"]
[Site "?"]
[Date "2021.02.02"]
[Round "?"]
[White "checkmamy"]
[Black "jflup"]
[Result "0-1"]
[WhiteElo "2387"]
[BlackElo "2402"]
[PlyCount "24"]
[EventDate "2021.??.??"]
[EventType "blitz"]

1. e4 e5 2. Nf3 d5 3. exd5 e4 4. Qe2 Nf6 5. d3 Qxd5 6. dxe4 Qxe4 7. Be3 Nc6 8.
Nbd2 Qxc2 9. Nd4 Qxb2 10. Nxc6 Qxa1+ 11. Qd1 Qxd1+ 12. Kxd1 bxc6 {Normal} 0-1

[Event "Rated Blitz game"]
[Site "?"]
[Date "2021.02.02"]
[Round "?"]
[White "LondonSystemTiltsMe"]
[Black "FTR_BBC"]
[Result "0-1"]
[WhiteElo "2468"]
[BlackElo "2335"]
[PlyCount "126"]
[EventDate "2021.??.??"]
[EventType "blitz"]

1. e4 e5 2. Nf3 d5 3. Nxe5 Bd6 4. d4 dxe4 5. Nc4 Be7 6. Nc3 Nf6 7. Bg5 Bf5 8.
Ne3 Bg6 9. h4 h6 10. Bxf6 Bxf6 11. h5 Bh7 12. Qg4 Qe7 13. Qc8+ Qd8 14. Qxb7 Nd7
15. Nxe4 Bxd4 16. Bb5 Bxe3 17. fxe3 O-O 18. O-O-O Qe7 19. Rxd7 Qxe4 20. Qxe4
Bxe4 21. Rxc7 Rac8 22. Rxc8 Rxc8 23. c3 Bxg2 24. Rh2 Bf3 25. Be2 Be4 26. Rf2
Kf8 27. Bf3 Bd3 28. Kd2 Rd8 29. Kc1 Bc4 30. b3 Be6 31. c4 Ke7 32. Kb2 Rb8 33.
Kc3 Kd6 34. b4 Rc8 35. Rd2+ Ke5 36. Rd4 f5 37. Bd5 Bd7 38. c5 Rc7 39. Bc4 Bc6
40. b5 Be4 41. Kb4 f4 42. Rd8 fxe3 43. a4 Kf4 44. a5 Bf3 45. Rf8+ Kg3 46. Re8
Kf2 47. b6 axb6 48. axb6 Rd7 49. Kb5 Rd2 50. c6 Rb2+ 51. Kc5 Rc2 52. b7 Bxc6
53. Kxc6 Rxc4+ 54. Kb5 Rc1 55. b8=Q Rb1+ 56. Kc4 Rxb8 57. Rxb8 e2 58. Re8 e1=Q
59. Rxe1 Kxe1 60. Kd4 Kf2 61. Ke4 Kg3 62. Kf5 Kh4 63. Kg6 Kg4 {Normal} 0-1

[Event "Rated Blitz game"]
[Site "?"]
[Date "2021.02.02"]
[Round "?"]
[White "aleksej1"]
[Black "KamranShirazi"]
[Result "0-1"]
[WhiteElo "2366"]
[BlackElo "2438"]
[PlyCount "122"]
[EventDate "2021.??.??"]
[EventType "blitz"]

1. e4 e5 2. Nf3 d5 3. d4 dxe4 4. Nxe5 Nd7 5. Nxd7 Bxd7 6. Bc4 Nf6 7. O-O h6 8.
Nd2 Bd6 9. c3 O-O 10. h3 Re8 11. Re1 c5 12. dxc5 Bxc5 13. Nb3 Bb6 14. Be3 Bc7
15. Nc5 Bc6 16. Qxd8 Raxd8 17. Rad1 b6 18. Na6 Be5 19. Nb4 Bb7 20. Bb5 Rf8 21.
Nc6 Bxc6 22. Bxc6 Rxd1 23. Rxd1 Rc8 24. Bb7 Rb8 25. Ba6 Kf8 26. a4 Ke7 27. Kf1
g5 28. Ke2 Ke6 29. Bc4+ Ke7 30. Bd4 Bxd4 31. Rxd4 Rc8 32. Ke3 Rc5 33. Bb5 Ke6
34. Bc4+ Ke7 35. b4 Re5 36. Bb3 Nd7 37. Rxe4 f5 38. Rxe5+ Nxe5 39. f4 gxf4+ 40.
Kxf4 Kf6 41. Bc2 Ng6+ 42. Ke3 Ke5 43. g3 f4+ 44. gxf4+ Nxf4 45. h4 Ng2+ 46. Kf3
Nxh4+ 47. Kg4 Ng2 48. Kg3 Ne3 49. Bd3 Nd5 50. Kh4 Nxc3 51. a5 b5 52. Kh5 Kd4
53. Bf1 a6 54. Kxh6 Nd5 55. Bg2 Nxb4 56. Bb7 Kc4 57. Kg6 Kb3 58. Kf5 Ka4 59.
Ke5 Kxa5 60. Kd4 Kb6 61. Bc8 Nc6+ {Normal} 0-1

[Event "Rated Blitz game"]
[Site "?"]
[Date "2021.02.02"]
[Round "?"]
[White "Neurachess"]
[Black "Kovalchuk94"]
[Result "1-0"]
[WhiteElo "2559"]
[BlackElo "2614"]
[PlyCount "127"]
[EventDate "2021.??.??"]
[EventType "blitz"]

1. e4 e5 2. Nf3 d5 3. Nc3 dxe4 4. Nxe4 f5 5. Nc3 e4 6. Ne5 Nf6 7. d4 exd3 8.
Bxd3 Bd6 9. Nf3 Qe7+ 10. Qe2 Qxe2+ 11. Kxe2 O-O 12. Re1 Re8+ 13. Kf1 Rxe1+ 14.
Kxe1 Nc6 15. Bc4+ Kf8 16. Be3 a6 17. Rd1 f4 18. Bc1 Bg4 19. Nd5 Re8+ 20. Kf1
Nxd5 21. Bxd5 h6 22. h3 Bf5 23. c3 g5 24. Bc4 Bc2 25. Rd2 Be4 26. Bd3 Kf7 27.
Bxe4 Rxe4 28. Re2 Re6 29. Rxe6 Kxe6 30. Ke2 Kf5 31. Kd3 Bc5 32. g4+ fxg3 33.
fxg3 Ne5+ 34. Ke2 Ba7 35. Nxe5 Kxe5 36. Kf3 Kf5 37. c4 Bd4 38. b3 c6 39. Bd2
Bc5 40. Bc3 Bd6 41. g4+ Kg6 42. Ke4 h5 43. Be5 Be7 44. Bc7 hxg4 45. hxg4 Kf6
46. Be5+ Ke6 47. Bg7 Bd8 48. Bd4 Be7 49. a4 Bd8 50. Bc5 Bf6 51. Bf8 Bd8 52. Bg7
Be7 53. Bd4 Bd8 54. Be3 Be7 55. Kd4 Bd8 56. c5 Bf6+ 57. Kc4 Be7 58. Bd4 Bf6 59.
b4 Be7 60. Be3 Bd8 61. b5 axb5+ 62. axb5 cxb5+ 63. Kxb5 Kd5 64. Bf2 {Time
forfeit} 1-0

[Event "Rated Blitz game"]
[Site "?"]
[Date "2021.02.02"]
[Round "?"]
[White "manhastamm"]
[Black "Jomajo"]
[Result "1/2-1/2"]
[WhiteElo "2474"]
[BlackElo "2596"]
[PlyCount "102"]
[EventDate "2021.??.??"]
[EventType "blitz"]

1. e4 e5 2. Nf3 d5 3. exd5 e4 4. Qe2 Qe7 5. Nd4 Nf6 6. Nc3 Qe5 7. Nf3 Qe7 8.
Nd4 a6 9. d3 exd3 10. Qxe7+ Bxe7 11. Bxd3 Bb4 12. Bd2 Bxc3 13. Bxc3 Nxd5 14.
Bd2 Nd7 15. O-O-O O-O 16. c4 N5b6 17. b3 Ne5 18. Bc2 c5 19. Ne2 Ng4 20. Rdf1
Re8 21. Nf4 Bd7 22. h3 Nf6 23. Re1 Bc6 24. f3 Nbd7 25. Bc3 Kf8 26. h4 h5 27.
Kb2 b5 28. cxb5 axb5 29. Rxe8+ Rxe8 30. a4 Rb8 31. a5 b4 32. Bd2 Ra8 33. Ra1
Nb8 34. Bd3 Bb7 35. Bc4 Na6 36. Nd3 Rc8 37. Be3 Nd7 38. Rc1 Ke7 39. Bxa6 Bxa6
40. Nxc5 Nxc5 41. Bxc5+ Ke6 42. Bxb4 Rxc1 43. Kxc1 Bf1 44. Bc3 g6 45. g3 Be2
46. Kd2 Bxf3 47. a6 Kd6 48. Ke3 Ba8 49. Kd4 Kc6 50. Ke5 Kb6 51. Kf6 Bd5 {Normal
} 1/2-1/2

[Event "Rated Blitz game"]
[Site "?"]
[Date "2021.02.02"]
[Round "?"]
[White "manhastamm"]
[Black "Jomajo"]
[Result "1/2-1/2"]
[WhiteElo "2472"]
[BlackElo "2598"]
[PlyCount "137"]
[EventDate "2021.??.??"]
[EventType "blitz"]

1. e4 e5 2. Nf3 d5 3. exd5 e4 4. Qe2 Qe7 5. Nd4 Nf6 6. Nc3 Qe5 7. Nf3 Qe7 8.
Nd4 Nbd7 9. Ndb5 Nb6 10. d3 a6 11. Nd4 exd3 12. Qxe7+ Bxe7 13. Bxd3 Nfxd5 14.
Nxd5 Nxd5 15. O-O O-O 16. Re1 Bf6 17. c3 Bxd4 18. cxd4 Be6 19. Bd2 c6 20. a3
Rad8 21. b4 Rfe8 22. a4 Nc7 23. Bc3 Bd7 24. Rxe8+ Rxe8 25. Re1 Rxe1+ 26. Bxe1
Be6 27. f4 Bb3 28. a5 Ba4 29. Kf2 Bb5 30. Ke3 Bxd3 31. Kxd3 f5 32. Kc4 Ne6 33.
d5 cxd5+ 34. Kxd5 Kf7 35. g3 h6 36. Kd6 g5 37. fxg5 hxg5 38. h4 gxh4 39. gxh4
f4 40. h5 f3 41. h6 Nd4 42. h7 Nf5+ 43. Kc7 Kg7 44. Kxb7 Ne3 45. Kxa6 Nc2 46.
Bf2 Nxb4+ 47. Kb5 Nd5 48. Kc5 Nc7 49. Kc6 Na6 50. Bg3 Kxh7 51. Kb5 Nc7+ 52. Kb6
Nd5+ 53. Kb7 Nb4 54. Be1 Kg6 55. Kb6 Kf5 56. Kb5 Nd5 57. Kc5 Nc7 58. Kc6 Na6
59. Kb5 Nc7+ 60. Kb6 Nd5+ 61. Kc5 Nc7 62. Kc6 Na6 63. Kb6 Nb4 64. a6 Nxa6 65.
Kxa6 Ke4 66. Kb5 Kd3 67. Kc5 Ke2 68. Bh4 f2 69. Bxf2 {Normal} 1/2-1/2

[Event "Rated Blitz game"]
[Site "?"]
[Date "2021.02.02"]
[Round "?"]
[White "mrsavic777"]
[Black "Jomajo"]
[Result "1/2-1/2"]
[WhiteElo "2705"]
[BlackElo "2590"]
[PlyCount "178"]
[EventDate "2021.??.??"]
[EventType "blitz"]

1. e4 e5 2. Nf3 d5 3. Nxe5 Bd6 4. d4 dxe4 5. Nc4 Nf6 6. Nc3 h6 7. Be2 O-O 8. h3
Nc6 9. Be3 Ne7 10. Nxd6 Qxd6 11. Qd2 Ned5 12. Nxd5 Nxd5 13. O-O f5 14. c4 Nxe3
15. fxe3 Bd7 16. c5 Qg6 17. Bc4+ Kh8 18. Kh2 c6 19. Rf2 Be6 20. Bxe6 Qxe6 21.
Raf1 g6 22. Qb4 Rab8 23. b3 Kg7 24. g3 h5 25. h4 Qd5 26. Qc4 Rfd8 27. Qxd5 Rxd5
28. Rc1 Kf6 29. Rc4 Ke6 30. Kg2 Rd7 31. Ra4 b5 32. cxb6 axb6 33. Rc2 Kd6 34.
Kf2 Rc7 35. Ke2 c5 36. dxc5+ Rxc5 37. Rd2+ Kc6 38. Rad4 Kb7 39. Rd6 Rc6 40.
Rd7+ Ka6 41. R2d6 Rbc8 42. Rxc6 Rxc6 43. Kd2 Kb5 44. a3 Ka5 45. Rd5+ Ka6 46. a4
Kb7 47. Rd7+ Ka6 48. b4 Rc4 49. b5+ Ka5 50. Ra7+ Kb4 51. Rb7 Rc3 52. Rxb6 Rd3+
53. Ke2 Kxa4 54. Rxg6 Kxb5 55. Rg5 Rd5 56. Rxh5 Kc4 57. g4 fxg4 58. Rxd5 Kxd5
59. Kf2 Ke5 60. Kg2 Kf6 61. Kh2 Kg6 62. Kg2 Kf6 63. Kg3 Kf5 64. h5 Kg5 65. h6
Kxh6 66. Kxg4 Kg6 67. Kf4 Kf6 68. Kg4 Kg6 69. Kf4 Kf6 70. Kxe4 Ke6 71. Kf4 Kf6
72. e4 Ke6 73. e5 Ke7 74. Ke4 Ke6 75. Kf4 Ke7 76. Kf5 Kf7 77. Ke4 Ke6 78. Kd4
Ke7 79. Kd5 Kd7 80. e6+ Ke7 81. Ke5 Ke8 82. Kf6 Kf8 83. Ke5 Ke7 84. Kd5 Ke8 85.
Kd6 Kd8 86. Ke5 Ke7 87. Kf5 Ke8 88. Kf6 Kf8 89. Ke5 Ke7 {Normal} 1/2-1/2

[Event "Rated Blitz game"]
[Site "?"]
[Date "2021.02.02"]
[Round "?"]
[White "elpensionado"]
[Black "annashka"]
[Result "0-1"]
[WhiteElo "2445"]
[BlackElo "2300"]
[PlyCount "50"]
[EventDate "2021.??.??"]
[EventType "blitz"]

1. e4 e5 2. Nf3 d5 3. d3 dxe4 4. dxe4 Qxd1+ 5. Kxd1 Bg4 6. Bd3 Bc5 7. Ke2 Nc6
8. c3 O-O-O 9. Bc2 f6 10. b4 Bb6 11. a4 a5 12. b5 Nce7 13. Nbd2 Nh6 14. Ba3 Ng6
15. g3 Nf7 16. Nc4 Ng5 17. Ncd2 Rxd2+ 18. Kxd2 Nxf3+ 19. Kc1 Bxf2 20. Kb2 Nd2
21. Bb3 Nxb3 22. Kxb3 Rd8 23. Ra2 Be6+ 24. c4 Rd3+ 25. Kc2 Bxc4 {Normal} 0-1

[Event "Rated Blitz game"]
[Site "?"]
[Date "2021.02.02"]
[Round "?"]
[White "manhastamm"]
[Black "Jomajo"]
[Result "1-0"]
[WhiteElo "2480"]
[BlackElo "2592"]
[PlyCount "137"]
[EventDate "2021.??.??"]
[EventType "blitz"]

1. e4 e5 2. Nf3 d5 3. exd5 e4 4. Qe2 Qe7 5. Nd4 Nf6 6. Nc3 Qe5 7. Nf3 Qe7 8.
Nd4 a6 9. d3 exd3 10. Qxe7+ Bxe7 11. Bxd3 Bb4 12. Bd2 Bxc3 13. Bxc3 Nxd5 14.
Bd2 O-O 15. O-O Nd7 16. Rad1 Ne5 17. Be2 c5 18. Nf3 Nc6 19. c4 Nc7 20. Be3 Ne6
21. Rd6 Re8 22. Rfd1 Ned4 23. Bxd4 cxd4 24. Nxd4 Nxd4 25. R6xd4 Be6 26. Bf3
Rab8 27. b4 Rec8 28. Bd5 b6 29. Kf1 Kf8 30. Ke2 Ke7 31. Ke3 Rc7 32. Bxe6 fxe6
33. Kd3 Rbc8 34. Re1 Rc6 35. Rde4 Rd8+ 36. Kc3 Kf6 37. f4 h5 38. g3 g6 39. a4
Rdc8 40. h3 Rd8 41. g4 hxg4 42. hxg4 Rh8 43. g5+ Ke7 44. R1e3 Rh1 45. b5 axb5
46. axb5 Rd6 47. Kb4 Rb1+ 48. Rb3 Rc1 49. Ree3 Rd4 50. Rec3 Rf1 51. Rf3 Rc1 52.
Rbc3 Rb1+ 53. Ka3 Kd6 54. Rfd3 Kc5 55. Rxd4 Kxd4 56. Rc2 Rf1 57. c5 bxc5 58. b6
Rxf4 59. b7 Rf8 60. Rd2+ Kc4 61. Rd7 Rb8 62. Ka4 e5 63. Ka5 e4 64. Kb6 e3 65.
Re7 Kd3 66. Kxc5 Rxb7 67. Rxb7 e2 68. Re7 Kd2 69. Kd5 {Normal} 1-0

[Event "Rated Blitz tournament C9s2lLca"]
[Site "?"]
[Date "2021.02.02"]
[Round "?"]
[White "vangulio"]
[Black "CaroyinixDiscomix"]
[Result "1-0"]
[WhiteElo "2469"]
[BlackElo "2339"]
[PlyCount "97"]
[EventDate "2021.??.??"]
[EventType "blitz"]

1. e4 e5 2. Nf3 d5 3. Nxe5 Bd6 4. d4 dxe4 5. Nc4 Nf6 6. Nc3 h6 7. Qe2 O-O 8.
Be3 Nc6 9. O-O-O Bb4 10. d5 Na5 11. Bd4 Re8 12. Bxf6 Qxf6 13. Nxa5 Bxc3 14.
bxc3 Qxc3 15. Nb3 Bf5 16. Qc4 Qf6 17. Kb1 a5 18. a4 c6 19. d6 b5 20. Qd4 Qg6
21. d7 Red8 22. Nc5 bxa4 23. h3 Rab8+ 24. Ka1 Rb4 25. Qc3 a3 26. g4 Be6 27. Be2
Qg5 28. Rb1 Rc4 29. Nxe6 Rxc3 30. Nxg5 hxg5 31. Rhd1 Rxc2 32. Ba6 Rxf2 33. Rbc1
e3 34. Bc8 Rd2 35. Rxd2 exd2 36. Rd1 Kf8 37. Rxd2 Ke7 38. Re2+ Kd6 39. Ka2 Kc7
40. Kxa3 g6 41. Ka4 f5 42. Kxa5 fxg4 43. hxg4 Rf8 44. Re8 Rxe8 45. dxe8=Q Kb8
46. Qd8 c5 47. Ba6+ Ka7 48. Qb6+ Ka8 49. Qb7# {Normal} 1-0

[Event "Rated Blitz game"]
[Site "?"]
[Date "2021.02.02"]
[Round "?"]
[White "manhastamm"]
[Black "Jomajo"]
[Result "0-1"]
[WhiteElo "2501"]
[BlackElo "2565"]
[PlyCount "68"]
[EventDate "2021.??.??"]
[EventType "blitz"]

1. e4 e5 2. Nf3 d5 3. d3 dxe4 4. dxe4 Qxd1+ 5. Kxd1 Bg4 6. Be2 Nd7 7. Be3 f6 8.
Nbd2 O-O-O 9. c3 Bc5 10. Bxc5 Nxc5 11. Kc2 Ne7 12. b4 Ne6 13. h3 Bh5 14. g3 Rd7
15. Rad1 Rhd8 16. Nc4 Ng5 17. Rxd7 Rxd7 18. g4 Nxf3 19. gxh5 Nh4 20. Bg4 f5 21.
exf5 Nexf5 22. Nxe5 Re7 23. f4 c6 24. Rd1 Kc7 25. Kb3 Ne3 26. Rd3 Nd5 27. Rxd5
cxd5 28. c4 Ng2 29. Nd3 Re3 30. Bf5 Nxf4 31. Kc3 Nxd3 32. Bxd3 dxc4 33. Kxc4
Rxh3 34. Bxh7 Rxh5 {Normal} 0-1

[Event "Rated Blitz game"]
[Site "?"]
[Date "2021.02.02"]
[Round "?"]
[White "Impreg"]
[Black "Tayota"]
[Result "1-0"]
[WhiteElo "2465"]
[BlackElo "2353"]
[PlyCount "107"]
[EventDate "2021.??.??"]
[EventType "blitz"]

1. e4 e5 2. Nf3 d5 3. Bc4 dxc4 4. Nxe5 Bc5 5. O-O Nf6 6. Nxc4 O-O 7. d3 Nc6 8.
Nc3 a6 9. Bg5 Be6 10. Ne3 h6 11. Bh4 Bd4 12. Rb1 Ne5 13. Ne2 Bb6 14. h3 Ng6 15.
Bg3 Nh5 16. Bh2 Re8 17. Kh1 Qd7 18. g4 Nf6 19. Nf5 Bxf5 20. gxf5 Nh4 21. f4
Rad8 22. Ng3 Qc6 23. Qe2 Nd5 24. Nh5 Nxf5 25. Qg2 Nde3 26. Qf3 Nd6 27. Rg1 Nef5
28. Nf6+ Kh8 29. Nxe8 Bxg1 30. Nxd6 Nxd6 31. Rxg1 f5 32. Qg2 Rg8 33. e5 Qxg2+
34. Rxg2 Nb5 35. Bg1 Rd8 36. Rd2 c5 37. Bxc5 Nd4 38. Kg2 Ne6 39. Be3 g5 40.
fxg5 hxg5 41. d4 f4 42. Bf2 Nc7 43. c4 b5 44. b3 Kg7 45. d5 Kg6 46. Bb6 Rc8 47.
e6 Kf6 48. Kf3 Na8 49. Bd4+ Kf5 50. c5 Nc7 51. Bc3 Nxd5 52. Rxd5+ Kxe6 53. Rxg5
Rxc5 54. Rxc5 {Normal} 1-0

[Event "Rated Blitz game"]
[Site "?"]
[Date "2021.02.02"]
[Round "?"]
[White "Ristic58"]
[Black "oJHoNiKz"]
[Result "1-0"]
[WhiteElo "2477"]
[BlackElo "2380"]
[PlyCount "43"]
[EventDate "2021.??.??"]
[EventType "blitz"]

1. e4 e5 2. Nf3 d5 3. Nxe5 dxe4 4. Bc4 Qg5 5. Bxf7+ Ke7 6. d4 Qxg2 7. Rf1 Nc6
8. Bc4 Qxh2 9. Bg5+ Nf6 10. Nxc6+ bxc6 11. Nc3 Bh3 12. d5 Bxf1 13. Bxf1 Rd8 14.
Qd4 Kf7 15. O-O-O cxd5 16. Qxa7 Bb4 17. Bxf6 gxf6 18. Nxd5 Bd6 19. Bc4 Kg6 20.
Qd4 Rhe8 21. Qxf6+ Kh5 22. Be2# {Normal} 1-0

[Event "Rated Blitz game"]
[Site "?"]
[Date "2021.02.02"]
[Round "?"]
[White "ZioMario"]
[Black "oJHoNiKz"]
[Result "1/2-1/2"]
[WhiteElo "2359"]
[BlackElo "2424"]
[PlyCount "95"]
[EventDate "2021.??.??"]
[EventType "blitz"]

1. e4 e5 2. Nf3 d5 3. exd5 e4 4. Qe2 Nf6 5. Nc3 Be7 6. Nxe4 O-O 7. d3 Qxd5 8.
Bd2 Bg4 9. h3 Bh5 10. g4 Bg6 11. Nc3 Qa5 12. Bg2 Nc6 13. O-O Rfe8 14. Rfe1 Qb6
15. b3 Qa5 16. Ne4 Qb6 17. Nxf6+ gxf6 18. Qf1 h5 19. Nh4 hxg4 20. Nxg6 fxg6 21.
hxg4 Kg7 22. Be3 Qb4 23. c4 Bd6 24. d4 Rh8 25. Qd3 Bh2+ 26. Kf1 Rae8 27. Bd2
Qd6 28. Bc3 Qf4 29. Qf3 Qg5 30. Rad1 Bf4 31. Rxe8 Rxe8 32. Re1 Rxe1+ 33. Kxe1
Bd6 34. Kd1 Bb4 35. Bxb4 Nxb4 36. Qxb7 Nxa2 37. Qxc7+ Kh6 38. Qh2+ Kg7 39. Qc7+
Kh6 40. Qxa7 Qxg4+ 41. Kc2 Qxg2 42. Qxa2 Qxf2+ 43. Kb1 Qxd4 44. Qh2+ Kg7 45.
Qc7+ Kh6 46. Qh2+ Kg7 47. Qc7+ Kh6 48. Qh2+ {Normal} 1/2-1/2

[Event "Rated Blitz game"]
[Site "?"]
[Date "2021.02.02"]
[Round "?"]
[White "manhastamm"]
[Black "Jomajo"]
[Result "1-0"]
[WhiteElo "2499"]
[BlackElo "2567"]
[PlyCount "119"]
[EventDate "2021.??.??"]
[EventType "blitz"]

1. e4 e5 2. Nf3 d5 3. exd5 e4 4. Qe2 Qe7 5. Nd4 Nf6 6. Nc3 Qe5 7. Nf3 Qe7 8.
Nd4 a6 9. d3 exd3 10. Qxe7+ Bxe7 11. Bxd3 Bb4 12. Bd2 Bxc3 13. Bxc3 Nxd5 14.
Bd2 O-O 15. O-O-O Nd7 16. c4 N5b6 17. Bc3 Ne5 18. b3 Nxd3+ 19. Rxd3 c5 20. Ne2
Re8 21. Nf4 Be6 22. Rg3 g6 23. Re1 Kf8 24. Rge3 Bd7 25. Ba5 Rxe3 26. Rxe3 Nc8
27. Bc7 Bc6 28. f3 b5 29. Kc2 Ra7 30. Be5 Rb7 31. Bc3 bxc4 32. bxc4 Nd6 33. Re5
Ba4+ 34. Kc1 Nxc4 35. Rxc5 Ne3 36. Bf6 Ke8 37. Re5+ Kd7 38. Rxe3 Rb6 39. Bc3
Bc6 40. Rd3+ Kc8 41. Nd5 Rb7 42. Bf6 Bb5 43. Rc3+ Kd7 44. Ne3 Ke6 45. Bd4 f5
46. f4 Rd7 47. Be5 g5 48. g3 gxf4 49. gxf4 h5 50. h4 Rd8 51. Kb2 Rg8 52. Kb3
Rg3 53. a4 Be2 54. Rc6+ Kd7 55. Rc3 Bg4 56. Nxg4 Rxg4 57. Rc7+ Kd8 58. Rf7 Rxh4
59. Bf6+ Ke8 60. Re7+ {Normal} 1-0